Größte deutsche Städte mit Namenszusatz - Statistiken

Allgemein
  • Dieses Quiz wurde 87 mal gespielt
  • Das Durchschnittsergebnis liegt bei 11 aus 25
Antwortstatistiken
Bundesland Einwohnerzahl
Anfangs-
buchstabe
Antwort % Korrekt
Hessen 756.021 F Frankfurt am Main
99%
Brandenburg 57.107 F Frankfurt (Oder)
99%
Sachsen-Anhalt 226.767 H Halle (Saale)
91%
Baden-Württemberg 237.460 F Freiburg im Breisgau
88%
Hessen 132.746 O Offenbach am Main
78%
Brandenburg 74.113 B Brandenburg an der Havel
77%
Rheinland-Pfalz 177.222 L Ludwigshafen am Rhein
68%
Nordrhein-Westfalen 173.050 M Mülheim an der Ruhr
65%
Baden-Württemberg 96.182 E Esslingen am Neckar
63%
Bayern 67.645 K Kempten (Allgäu)
51%
Hessen 65.627 R Rüsselsheim am Main
41%
Rheinland-Pfalz 48.209 L Landau in der Pfalz
35%
Niedersachsen 56.498 L Lingen (Ems)
32%
Rheinland-Pfalz 52.945 N Neustadt an der Weinstraße
31%
Hessen 56.688 B Bad Homburg vor der Höhe
29%
Rheinland-Pfalz 48.140 F Frankenthal (Pfalz)
27%
Baden-Württemberg 50.618 H Heidenheim an der Brenz
27%
Baden-Württemberg 47.621 S Singen (Hohentwiel)
21%
Baden-Württemberg 50.775 L Lahr/Schwarzwald
15%
Hessen 46.736 O Oberursel (Taunus)
14%
Nordrhein-Westfalen 57.684 S Stolberg (Rheinland)
13%
Nordrhein-Westfalen 52.255 M Menden (Sauerland)
12%
Nordrhein-Westfalen 59.975 L Langenfeld (Rheinland)
10%
Nordrhein-Westfalen 50.547 G Gronau (Westf.)
8%
Nordrhein-Westfalen 48.188 H Hennef (Sieg)
6%
Keine übereinstimmenden Quizze gefunden
Verteilung der Resultate
Anzahl Personen mit jedem Resultat
Perzentil nach korrekt beantworteten Fragen
Ihre Resultats-Entwicklung
Sie haben dieses Quiz noch nicht gespielt